000 00781cas a22002055a 4500
001 L137186
008 070321c2006 xxkur ws ss 0 a0eng u
035 _a(Sirsi) u137186
041 0 _aeng
110 2 _aCB Richard Ellis
_93675
245 0 0 _aUK Reits
_h[electronic resource]
260 _aLondon
_bCBRE
_c2006-
362 0 _aMarch 2006-
510 2 _aKnowledge Alert
_c2007-
520 _aDiscusses the prospects for REITs in the UK, the Government?s objectives in introducing REITs, and issues for companies converting to REITs.
651 4 _aUnited Kingdom
_y
690 _aPROPERTY-COMMERCIAL PROPERTY-COMMERCIAL PROPERTY MARKET
856 4 0 _uhttps://portal.cbre.eu/propertyinfomap/uk/index.html
_zView the item free of charge at http://portal.cbre.eu...
942 _n0
999 _c118888
_d118888